[Event "Dundee & Angus Open"]
[Site "?"]
[Date "2009.??.??"]
[Round "3"]
[White "Woods, Connor"]
[Black "Tsang, Sai Kong"]
[Result "1/2-1/2"]
[WhiteElo "2042"]
[BlackElo "1876"]
[PlyCount "64"]

1. Nf3 Nf6 2. c4 g6 3. b4 d6 4. Bb2 e5 5. d3 Bg7 6. g3 O-O 7. Bg2 Nc6 8. b5 Ne7
9. O-O a6 10. a4 Ne8 11. Nfd2 c6 12. Na3 f5 13. e3 Nf6 14. Nb3 Be6 15. c5 axb5
16. axb5 f4 17. exf4 exf4 18. Nd4 Bg4 19. f3 dxc5 20. fxg4 cxd4 21. bxc6 bxc6
22. Nc4 Rxa1 23. Bxa1 fxg3 24. hxg3 Nfd5 25. Rxf8+ Qxf8 26. Qe2 c5 27. Bb2 Nc3
28. Qe1 Ned5 29. Kh2 Bf6 30. Qe6+ Qf7 31. Qc8+ Qf8 32. Qe6+ Qf7 1/2-1/2

[Event "Dundee & Angus Open"]
[Site "?"]
[Date "2009.??.??"]
[Round "3"]
[White "Newton, Andrew"]
[Black "Emery, Keith"]
[Result "1-0"]
[WhiteElo "1574"]
[BlackElo "1585"]
[PlyCount "55"]

1. d4 d5 2. c4 dxc4 3. e4 Nf6 4. e5 Nd5 5. Bxc4 c6 6. a4 Bf5 7. Ne2 e6 8. O-O
Be7 9. Bxd5 cxd5 10. Nbc3 Nc6 11. Ng3 Bg6 12. f4 O-O 13. f5 Bxf5 14. Nxf5 exf5
15. Rxf5 g6 16. Rf3 Bg5 17. Rh3 Bxc1 18. Qxc1 h5 19. Qd2 Qd7 20. Rf1 Qg4 21.
Rf4 Qg5 22. Nxd5 Rad8 23. Nf6+ Kg7 24. Nxh5+ Kg8 25. Nf6+ Qxf6 26. Rxf6 Nxe5
27. Qh6 Rfe8 28. Qh8# 1-0

[Event "Dundee & Angus Open"]
[Site "?"]
[Date "2009.??.??"]
[Round "3"]
[White "Lawal, Rasheed"]
[Black "Ferry, Edward"]
[Result "0-1"]
[WhiteElo "1679"]
[BlackElo "1954"]
[PlyCount "152"]

1. f4 d5 2. Nf3 Nf6 3. d4 g6 4. e3 Bg7 5. Bd3 Bf5 6. Bxf5 gxf5 7. O-O Nbd7 8.
c4 c6 9. c5 b6 10. b4 Ne4 11. Qc2 Rc8 12. Bb2 e6 13. Nbd2 O-O 14. Nxe4 fxe4 15.
Ne1 f5 16. g3 Nf6 17. Rc1 Ng4 18. Ng2 Qe8 19. Qe2 Qh5 20. Nh4 b5 21. h3 Nf6 22.
Qxh5 Nxh5 23. Kg2 Bf6 24. Kf2 Bxh4 25. gxh4 Kf7 26. Rg1 Rg8 27. Rg5 h6 28. Rxg8
Rxg8 29. Bc3 Rg3 30. a4 Rf3+ 31. Ke2 Ng3+ 32. Kd2 a6 33. axb5 axb5 34. Kc2 Ne2
35. Ra1 Nxc3 36. Kxc3 Rxe3+ 37. Kc2 Rd3 38. Ra7+ Kf6 39. Rc7 Rxd4 40. Rxc6 e3
41. Ra6 e2 42. Ra1 Rxb4 43. Kd3 Rc4 44. Kxe2 Rxc5 45. h5 b4 46. Rg1 b3 47. Kd3
b2 48. Rb1 Rb5 49. Kd4 Rb4+ 50. Kc3 Rxf4 51. Rxb2 Rf3+ 52. Kd4 Rxh3 53. Rg2
Rxh5 54. Rg8 Rh4+ 55. Kd3 Ke5 56. Rg6 Rh3+ 57. Ke2 h5 58. Kf2 h4 59. Rh6 d4 60.
Kg2 Rg3+ 61. Kf2 Rg4 62. Rh8 d3 63. Kf3 d2 64. Ke2 Rd4 65. Kd1 Kf6 66. Rg8 e5
67. Rf8+ Kg5 68. Rg8+ Kf4 69. Rh8 Kg3 70. Rg8+ Kf2 71. Rg5 f4 72. Rxe5 h3 73.
Rh5 Kg2 74. Rg5+ Kf1 75. Rh5 Rd3 76. Rf5 f3 0-1

[Event "Dundee & Angus Open"]
[Site "?"]
[Date "2009.??.??"]
[Round "3"]
[White "Hookham, Jamie"]
[Black "Hogg, Stephen"]
[Result "1/2-1/2"]
[WhiteElo "1874"]
[BlackElo "2013"]
[PlyCount "39"]

1. e4 c5 2. Nf3 d6 3. d4 cxd4 4. Nxd4 Nf6 5. Nc3 a6 6. Bg5 Nc6 7. f4 Bd7 8. Qd2
e6 9. O-O-O h6 10. Bxf6 Qxf6 11. Nf3 g5 12. e5 Qxf4 13. Qxf4 gxf4 14. exd6
O-O-O 15. Bc4 Na5 16. Be2 Rg8 17. Rhg1 Bc6 18. b4 Bg7 19. Kb2 Bxf3 20. gxf3
1/2-1/2

[Event "Dundee & Angus Open"]
[Site "?"]
[Date "2009.??.??"]
[Round "3"]
[White "Dawson, Alistair"]
[Black "Walker, Duncan"]
[Result "1/2-1/2"]
[WhiteElo "1811"]
[BlackElo "1956"]
[PlyCount "43"]

1. c4 Nf6 2. g3 e5 3. Bg2 Bc5 4. Nc3 O-O 5. Nf3 d6 6. O-O c6 7. d4 exd4 8. Nxd4
Nbd7 9. Nb3 Bb4 10. Qc2 Nb6 11. a3 Bxc3 12. Qxc3 Be6 13. Nd2 Qd7 14. b3 Bh3 15.
Bb2 Bxg2 16. Kxg2 Rfe8 17. e4 Re7 18. f4 Ne8 19. Rfe1 f6 20. Nf3 Qc7 21. Rad1
Nd7 22. b4 1/2-1/2

[Event "Dundee & Angus Open"]
[Site "?"]
[Date "2009.??.??"]
[Round "3"]
[White "Tsang, Sai Kong"]
[Black "Marks, Ian"]
[Result "1-0"]
[WhiteElo "1876"]
[BlackElo "1877"]
[PlyCount "97"]

1. d4 Nf6 2. Nf3 c5 3. d5 e6 4. c4 exd5 5. cxd5 d6 6. Nc3 g6 7. e4 Bg7 8. Bb5+
Bd7 9. a4 O-O 10. O-O Bg4 11. h3 Bxf3 12. Qxf3 a6 13. Bc4 Nbd7 14. Bb3 Qc7 15.
Bf4 Rfe8 16. g4 Rab8 17. Ra3 Ne5 18. Qg3 b5 19. axb5 axb5 20. Rfa1 b4 21. Ra7
Qb6 22. R1a6 Qd8 23. Ne2 Nxe4 24. Qg2 Nd3 25. Qf3 Nxf4 26. Qxf4 Ng5 27. Kg2
Rxe2 28. Rxd6 Rxf2+ 29. Qxf2 Qxd6 30. h4 Bd4 31. Qf1 Bxb2 32. hxg5 Rf8 33. Qf3
Bd4 34. Bc4 f6 35. Ra6 Qe5 36. d6+ Kh8 37. d7 Qb8 38. gxf6 Qd8 39. g5 Be5 40.
Qd5 Bd4 41. Rc6 Qa8 42. Qe6 h6 43. Bd5 Qa1 44. Qe2 Qg1+ 45. Kh3 Qxg5 46. Rc8
Qf5+ 47. Qg4 Qf1+ 48. Bg2 Qd3+ 49. Qf3 1-0

[Event "Dundee & Angus Open"]
[Site "?"]
[Date "2009.??.??"]
[Round "4"]
[White "Findlay, David"]
[Black "Birkett, Richard"]
[Result "1-0"]
[WhiteElo "2172"]
[BlackElo "2163"]
[PlyCount "97"]

1. e4 e5 2. Nc3 Nf6 3. g3 Bc5 4. Bg2 O-O 5. Nge2 c6 6. O-O d5 7. exd5 cxd5 8.
d4 exd4 9. Nxd4 Nc6 10. Nb3 Bg4 11. Qd2 Bb4 12. a3 Bxc3 13. Qxc3 Rc8 14. Be3 d4
15. Nxd4 Nxd4 16. Qxd4 Rxc2 17. Bxb7 Qc7 18. Bg2 a5 19. Rfc1 Be6 20. b4 axb4
21. axb4 h5 22. b5 Rc8 23. Rcb1 Rc4 24. b6 Rxd4 25. bxc7 Rc4 26. Bf4 Rxf4 27.
gxf4 Rxc7 28. Rb4 g6 29. Be4 Nxe4 30. Rxe4 Rc4 31. Rxc4 Bxc4 32. f5 Kg7 33.
fxg6 fxg6 34. Kg2 Bd3 35. h4 Kf6 36. Ra3 Bf5 37. Ra5 Bd3 38. Kg3 Kg7 39. Kf4
Kh6 40. Rc5 Bb1 41. Ke5 Bd3 42. Kf6 Bb1 43. Rc8 Kh7 44. Kg5 Be4 45. Rc7+ Kg8
46. Kf6 Bf5 47. Rg7+ Kh8 48. Rxg6 Bg4 49. Rxg4 1-0

[Event "Dundee & Angus Open"]
[Site "?"]
[Date "2009.??.??"]
[Round "4"]
[White "Walker, Duncan"]
[Black "Murdochy, Shivan"]
[Result "0-1"]
[WhiteElo "1956"]
[BlackElo "1582"]
[PlyCount "110"]

1. c4 Nf6 2. Nc3 e6 3. Nf3 b6 4. g3 Bb7 5. Bg2 Be7 6. O-O O-O 7. Qc2 c5 8. e3
d6 9. b3 Nbd7 10. Bb2 Rc8 11. Rac1 a6 12. Qb1 Rc7 13. d3 d5 14. cxd5 exd5 15.
Nh4 Qa8 16. Nf5 Re8 17. Nxe7+ Rxe7 18. d4 c4 19. Qf5 Rc8 20. Ba3 Ree8 21. g4 g6
22. Qf4 Rcd8 23. Bf3 Ne4 24. Bxe4 dxe4 25. bxc4 Qc8 26. Ne2 Re6 27. d5 Rf6 28.
Qxe4 Re8 29. Qd4 Ne5 30. f3 Nxf3+ 31. Rxf3 Rxf3 32. Bb2 f6 33. Rf1 Rxf1+ 34.
Kxf1 Qc7 35. Nf4 Qe7 36. Kf2 Bc8 37. g5 Qe4 38. gxf6 Qxd4 39. Bxd4 b5 40. c5
Kf7 41. Kf3 Bf5 42. c6 g5 43. Ne6 Bxe6 44. dxe6+ Kxe6 45. Kg4 Rc8 46. Kxg5 Rxc6
47. h4 Rc2 48. a3 a5 49. Kh6 b4 50. axb4 axb4 51. Kxh7 Kf7 52. e4 b3 53. e5 b2
54. e6+ Kxe6 55. Bxb2 Rxb2 0-1

[Event "Dundee & Angus Open"]
[Site "?"]
[Date "2009.??.??"]
[Round "4"]
[White "Weir, Gary"]
[Black "Dawson, Alastair"]
[Result "0-1"]
[WhiteElo "1838"]
[BlackElo "1811"]
[PlyCount "110"]

1. b4 e5 2. Bb2 d6 3. e3 Be6 4. b5 f5 5. d4 Nd7 6. Nd2 Ngf6 7. Bc4 d5 8. dxe5
Ng4 9. Bb3 Ngxe5 10. Ngf3 Nxf3+ 11. Nxf3 Bb4+ 12. c3 Qf6 13. Nd4 Ba5 14. Nxe6
Qxe6 15. Qxd5 Qxd5 16. Bxd5 Nc5 17. O-O O-O-O 18. c4 c6 19. bxc6 bxc6 20. Bxc6
Rd6 21. Bd5 Rg6 22. Be5 Nd3 23. Bd4 a6 24. Rfd1 Nb4 25. Bc5 Nxd5 26. cxd5 Kd7
27. Rab1 Bc7 28. Rb7 Kc8 29. Rb3 Rd8 30. f3 Rc6 31. Rc3 Ba5 32. Rcc1 Rc7 33. e4
Kd7 34. e5 Rxc5 35. Rxc5 Bb6 36. Kf1 Bxc5 37. Rb1 Kc7 38. d6+ Kc6 39. Ke2 Re8
40. d7 Rxe5+ 41. Kf1 Rd5 42. d8=Q Rxd8 43. Ke2 f4 44. Rb2 Re8+ 45. Kd3 Kd5 46.
Rb7 Re3+ 47. Kd2 Kc4 48. Rxg7 Bb4+ 49. Kd1 Kc3 50. Rb7 a5 51. Rc7+ Kb2 52. Rc2+
Ka3 53. Rf2 Re1+ 54. Kc2 Ra1 55. Kd3 Rxa2 0-1

[Event "Dundee & Angus Open"]
[Site "?"]
[Date "2009.??.??"]
[Round "4"]
[White "Hogg, Stephen"]
[Black "Scott, Jonny"]
[Result "1-0"]
[WhiteElo "2013"]
[BlackElo "1663"]
[PlyCount "53"]

1. d4 Nf6 2. c4 g6 3. Nc3 Bg7 4. e4 d6 5. f4 O-O 6. Nf3 c5 7. d5 e6 8. Be2 exd5
9. exd5 Bg4 10. O-O Nbd7 11. f5 Bxf3 12. Bxf3 Ne5 13. fxg6 fxg6 14. Be2 Qb6 15.
Qc2 Nfd7 16. Bf4 Rae8 17. Kh1 a6 18. a3 Nf7 19. Rab1 Re7 20. Bg4 Nfe5 21. Be6+
Kh8 22. Ne4 Nf7 23. b4 cxb4 24. axb4 Be5 25. c5 Qb5 26. Nxd6 Nxd6 27. Bxe5+ 1-0

[Event "Dundee & Angus Open"]
[Site "?"]
[Date "2009.??.??"]
[Round "4"]
[White "Green, Andrew"]
[Black "Drtina, Milan"]
[Result "1-0"]
[WhiteElo "2204"]
[BlackElo "2252"]
[PlyCount "74"]

1. e4 e5 2. Nf3 Nc6 3. Bb5 a6 4. Ba4 Nf6 5. d3 d6 6. c4 Be7 7. h3 Bd7 8. Nc3
O-O 9. O-O Ne8 10. Be3 f5 11. exf5 Bxf5 12. d4 exd4 13. Nxd4 Nxd4 14. Qxd4 Kh8
15. Nd5 Bf6 16. Nxf6 Nxf6 17. Bg5 c6 18. g4 Bg6 19. f4 b5 20. Bb3 bxc4 21. Bxc4
d5 22. Bb3 Qc7 23. Rac1 Be4 24. Ba4 Rab8 25. Rxc6 Qe7 26. a3 h6 27. Bh4 a5 28.
Rfc1 Ra8 29. Rc7 Qd6 30. Qe5 Qb6+ 31. Bf2 Qa6 32. g5 hxg5 33. Qxg5 Rg8 34. Qh4+
Nh7 35. Bd4 Qd3 36. Rd1 Qf3 37. Qg4 Ra6 1-0

[Event "Dundee & Angus Open"]
[Site "?"]
[Date "2009.??.??"]
[Round "4"]
[White "Emery, Keith"]
[Black "McGregor, Lindsay"]
[Result "1/2-1/2"]
[WhiteElo "1585"]
[BlackElo "1778"]
[PlyCount "48"]

1. e4 e5 2. Nf3 f5 3. exf5 e4 4. Qe2 Nf6 5. d3 d5 6. Bg5 Bxf5 7. Nfd2 Be7 8.
dxe4 Nxe4 9. Nxe4 Bxe4 10. Bxe7 Qxe7 11. Nc3 Nc6 12. Nxe4 dxe4 13. c3 O-O-O 14.
g3 Ne5 15. Bh3+ Kb8 16. O-O Nf3+ 17. Kh1 h5 18. Bg2 Rhf8 19. Bxf3 Rxf3 20. Rad1
Rdf8 21. Rde1 b6 22. Kg2 Qf6 23. Qd2 Rd3 24. Qe2 Rf3 1/2-1/2

[Event "Dundee & Angus Open"]
[Site "?"]
[Date "2009.??.??"]
[Round "4"]
[White "Ferry, Edward"]
[Black "Woods, Connor"]
[Result "1-0"]
[WhiteElo "1954"]
[BlackElo "2042"]
[PlyCount "59"]

1. e4 c5 2. Nf3 Nc6 3. d4 cxd4 4. Nxd4 Nf6 5. Nc3 e5 6. Ndb5 d6 7. Bg5 a6 8.
Na3 b5 9. Bxf6 gxf6 10. Nd5 f5 11. c3 Bg7 12. exf5 Bxf5 13. Nc2 O-O 14. Nce3
Be6 15. Bd3 f5 16. O-O Ra7 17. a4 Raf7 18. axb5 axb5 19. Bxb5 Nd4 20. cxd4 f4
21. dxe5 Bxe5 22. Nc4 f3 23. g3 Bh3 24. Nxe5 dxe5 25. Re1 Qg5 26. Ne3 Kh8 27.
Bc4 Rf4 28. Qd6 R4f6 29. Qe7 Qh5 30. Ra8 1-0

[Event "Dundee & Angus Open"]
[Site "?"]
[Date "2009.??.??"]
[Round "4"]
[White "Romilly, Peter"]
[Black "Grant, Alan"]
[Result "0-1"]
[WhiteElo "2226"]
[BlackElo "2185"]
[PlyCount "56"]

1. e4 c6 2. d4 d5 3. exd5 cxd5 4. c4 Nf6 5. Nc3 e6 6. Bg5 Be7 7. Nf3 O-O 8. a3
Nbd7 9. c5 Ne4 10. Bxe7 Qxe7 11. Bb5 Nxc3 12. bxc3 e5 13. O-O e4 14. Re1 Nf6
15. Ne5 Be6 16. Rb1 b6 17. cxb6 axb6 18. a4 Rfc8 19. Bc6 Rab8 20. Qb3 Qd6 21.
Bb5 Ne8 22. Bxe8 Rxe8 23. Qd1 Rec8 24. Rb3 f6 25. Ng4 Bd7 26. Rb2 Rxc3 27. Rd2
Ra8 28. Ne3 Ra3 0-1

[Event "Dundee & Angus Open"]
[Site "?"]
[Date "2009.??.??"]
[Round "5"]
[White "Birkett, Richard"]
[Black "Neave, George"]
[Result "0-1"]
[WhiteElo "2163"]
[BlackElo "2033"]
[PlyCount "86"]

1. e4 c5 2. Nc3 Nc6 3. Bb5 Nd4 4. Bc4 e6 5. Nge2 Nf6 6. O-O a6 7. a4 d5 8. exd5
exd5 9. Ba2 Be7 10. d3 O-O 11. Nxd4 cxd4 12. Ne2 Qb6 13. Qd2 a5 14. Qf4 Bc5 15.
Qh4 Re8 16. Ng3 Bd7 17. Bg5 Be7 18. Nh5 Bxa4 19. Nxg7 Kxg7 20. Rae1 Bd8 21.
Rxe8 Nxe8 22. f4 h6 23. Bxd5 f5 24. Be7 Nf6 25. Qg3+ Kh7 26. Bf8 Ng4 27. Re1
Bf6 28. Ba3 Ne3 29. Bf7 Bg7 30. h4 Qf6 31. Ba2 Qg6 32. Qf2 Bc6 33. g3 Qg4 34.
c3 Qh3 35. Qh2 Qxh2+ 36. Kxh2 Nc2 37. Re7 Nxa3 38. bxa3 dxc3 39. Bb3 Re8 40.
Rxe8 Bxe8 41. Bc2 b5 42. d4 Bxd4 43. Bxf5+ Bg6 0-1

[Event "Dundee & Angus Open"]
[Site "?"]
[Date "2009.??.??"]
[Round "5"]
[White "Spencer, Ed"]
[Black "Grant, Alan"]
[Result "1/2-1/2"]
[WhiteElo "2095"]
[BlackElo "2185"]
[PlyCount "122"]

1. e4 c6 2. d4 d5 3. f3 e6 4. Nc3 Bb4 5. a3 Bxc3+ 6. bxc3 Ne7 7. Bd3 c5 8. Nh3
Nbc6 9. Be3 Qa5 10. Qd2 cxd4 11. cxd4 Qxd2+ 12. Kxd2 e5 13. dxe5 Bxh3 14. gxh3
d4 15. Bf2 Ng6 16. Bb5 Ngxe5 17. f4 a6 18. Be2 Ng6 19. Bg3 b5 20. h4 h5 21.
Rhg1 Nge7 22. Bf2 g6 23. Rg5 f6 24. Rc5 Kd7 25. c3 Na5 26. Kc2 Nb7 27. cxd4
Nxc5 28. dxc5 Nc6 29. Rd1+ Ke7 30. Rd6 Nd8 31. e5 fxe5 32. fxe5 Nf7 33. Rxg6
Nxe5 34. Rg7+ Nf7 35. Bf3 Rag8 36. Rg3 Ne5 37. Bb7 Rxg3 38. hxg3 Rh6 39. Be3
Rg6 40. Bf4 Nc6 41. Bd6+ Kd7 42. Bxa6 b4 43. a4 Nd4+ 44. Kd3 Nf5 45. Bb5+ Ke6
46. Bc4+ Kd7 47. Bf7 Rg7 48. Bxh5 Nxd6 49. cxd6 Rxg3+ 50. Kc2 Kxd6 51. Be8 Ke7
52. Bb5 Rh3 53. h5 Rxh5 54. Kb3 Rh4 55. Bc4 Kd6 56. Kxb4 Kc6 57. a5 Rh1 58.
Bb5+ Kb7 59. Bd3 Ka7 60. Bb5 Ra1 61. Ba4 Rxa4+ 1/2-1/2

[Event "Dundee & Angus Open"]
[Site "?"]
[Date "2009.??.??"]
[Round "5"]
[White "Dawson, Alastair"]
[Black "Jacob, Helmut"]
[Result "0-1"]
[WhiteElo "1811"]
[BlackElo "2155"]
[PlyCount "78"]

1. c4 Nf6 2. g3 e5 3. Bg2 d6 4. Nc3 Be7 5. d3 O-O 6. e4 Nc6 7. Nge2 Bd7 8. O-O
Qc8 9. Nd5 Nxd5 10. cxd5 Nd8 11. Be3 Bh3 12. Rc1 Bxg2 13. Kxg2 Qd7 14. Qd2 f5
15. f4 c6 16. Rc2 cxd5 17. exd5 Bf6 18. Rfc1 Qb5 19. Nc3 Qa5 20. b4 Qa6 21. Ne2
Qb5 22. Nc3 Qd7 23. d4 e4 24. Qe2 a6 25. Qc4 b5 26. Qb3 Qf7 27. Ne2 Qh5 28. Ng1
g5 29. fxg5 Bxg5 30. Bxg5 Qxg5 31. Nh3 Qg7 32. Qe3 a5 33. Rb1 Nf7 34. Rc6 axb4
35. Qd2 e3 36. Qxe3 Rxa2+ 37. Kh1 Qg4 38. Nf2 Rxf2 39. Qxf2 Qe4+ 0-1

[Event "Dundee & Angus Open"]
[Site "?"]
[Date "2009.??.??"]
[Round "5"]
[White "Drtina, Milan"]
[Black "Findlay, David"]
[Result "0-1"]
[WhiteElo "2252"]
[BlackElo "2172"]
[PlyCount "68"]

1. e4 e5 2. Nf3 d6 3. d4 exd4 4. Nxd4 g6 5. c4 Bg7 6. Nc3 Nc6 7. Be3 Nf6 8. Be2
O-O 9. Qd2 Re8 10. f3 Bd7 11. O-O-O a6 12. Nc2 Be6 13. Bg5 Ne5 14. b3 b5 15.
cxb5 axb5 16. Bxb5 c6 17. Ba4 Qa5 18. Ne2 Nd3+ 19. Qxd3 Qxg5+ 20. f4 Qa5 21.
Ned4 Bd7 22. Rhe1 c5 23. Nb5 c4 24. Qxc4 Rec8 25. Qd3 Rc5 26. Nxd6 Rc3 27. Qd4
Ne8 28. Nc4 Qb4 29. Ne5 Qa3+ 30. Kd2 Rxc2+ 31. Kxc2 Bxa4 32. bxa4 Qxa2+ 33. Kd3
Rxa4 34. Qd5 34... Ra3+ {Time} 0-1

[Event "Dundee & Angus Open"]
[Site "?"]
[Date "2009.??.??"]
[Round "5"]
[White "Hookham, Jamie"]
[Black "Ferry, Ed"]
[Result "1/2-1/2"]
[WhiteElo "1874"]
[BlackElo "1954"]
[PlyCount "82"]

1. e4 c5 2. Nf3 d6 3. d4 cxd4 4. Nxd4 Nf6 5. Nc3 Bd7 6. Be3 Ng4 7. Bg5 h6 8.
Bh4 g5 9. Bg3 Bg7 10. Qd2 Nc6 11. Nb3 a6 12. O-O-O Nge5 13. a4 h5 14. h4 g4 15.
Bf4 Na5 16. Qd5 Nxb3+ 17. Qxb3 Bc6 18. Be3 Bh6 19. Bxh6 Rxh6 20. Nd5 Bxd5 21.
Rxd5 Qc7 22. f4 gxf3 23. gxf3 Rc8 24. Bh3 e6 25. Rd2 Nc4 26. Rg2 Ke7 27. f4 Qb6
28. Qxb6 Nxb6 29. b3 Rc3 30. Kd2 Rf3 31. f5 e5 32. Rg8 Nd7 33. Ke2 Rf4 34. Bg2
Rg4 35. Rxg4 hxg4 36. Kf2 Nf6 37. Kg3 Rh8 38. c4 Nh5+ 39. Kxg4 Rg8+ 40. Kxh5
Rxg2 41. Rh3 Re2 1/2-1/2

[Event "Dundee & Angus Open"]
[Site "?"]
[Date "2009.??.??"]
[Round "4"]
[White "Jacob, Helmut"]
[Black "Newton, Andrew"]
[Result "1-0"]
[WhiteElo "2155"]
[BlackElo "1574"]
[PlyCount "75"]

1. e4 c5 2. c3 Nf6 3. e5 Nd5 4. d4 cxd4 5. Nf3 e6 6. cxd4 Nc6 7. a3 d6 8. Bd3
dxe5 9. dxe5 Qc7 10. O-O Nxe5 11. Nxe5 Qxe5 12. Bb5+ Bd7 13. Re1 Qd6 14. Bc4
Nb6 15. Bd3 Rd8 16. Qe2 Be7 17. Nc3 Ba4 18. Bb5+ Bxb5 19. Nxb5 Qb8 20. Be3 Nc8
21. Rac1 O-O 22. Qg4 Bf6 23. Bf4 e5 24. Be3 Rfe8 25. Nc7 Re7 26. Nd5 Re6 27.
Nxf6+ Rxf6 28. Bg5 Rg6 29. Qf5 f6 30. Qe6+ Kf8 31. Bd2 Nd6 32. Bb4 f5 33. Qxf5+
Kg8 34. Qxe5 Re8 35. Bxd6 Rxd6 36. Qxe8+ Qxe8 37. Rxe8+ Kf7 38. Re2 1-0

[Event "Dundee & Angus Open"]
[Site "?"]
[Date "2009.??.??"]
[Round "5"]
[White "Woods, Connor"]
[Black "Weir, Gary"]
[Result "1-0"]
[WhiteElo "2042"]
[BlackElo "1838"]
[PlyCount "91"]

1. Nf3 d5 2. c4 e6 3. g3 Nf6 4. d4 Bb4+ 5. Bd2 Bxd2+ 6. Nbxd2 O-O 7. Bg2 Nbd7
8. O-O b6 9. Qc2 Bb7 10. cxd5 exd5 11. e3 Rc8 12. Qa4 a6 13. b4 Ne4 14. Nxe4
dxe4 15. Nd2 Nf6 16. Rac1 Qe8 17. Qxe8 Rfxe8 18. Bh3 Rb8 19. Rxc7 Nd5 20. Rcc1
Nxb4 21. a3 Nd5 22. Nc4 Rbd8 23. Rc2 b5 24. Na5 Bc8 25. Bg2 f5 26. Rfc1 Be6 27.
Nb7 Rb8 28. Nc5 a5 29. Bf1 Bf7 30. Nd7 Rb7 31. Ne5 Reb8 32. Rc5 a4 33. Nxf7
Kxf7 34. Rxd5 g6 35. Rdc5 Kf6 36. h4 Kg7 37. Rb1 b4 38. Rxb4 Rxb4 39. axb4 Rxb4
40. Ra5 h6 41. Kg2 Kf6 42. Ra6+ Kg7 43. Ra5 Kf6 44. Rb5 Rb3 45. Rxb3 axb3 46.
Bc4 1-0

[Event "Dundee & Angus Open"]
[Site "?"]
[Date "2009.??.??"]
[Round "5"]
[White "Murdochy, Shivan"]
[Black "Romilly, Peter"]
[Result "1/2-1/2"]
[WhiteElo "1582"]
[BlackElo "2226"]
[PlyCount "53"]

1. d4 Nf6 2. c4 e6 3. Nc3 Bb4 4. f3 Nh5 5. Nh3 f5 6. Bg5 Nf6 7. a3 Bxc3+ 8.
bxc3 h6 9. Bxf6 Qxf6 10. Nf2 O-O 11. Qd2 d6 12. e4 e5 13. Be2 Nc6 14. Rd1 f4
15. Qb2 Rb8 16. d5 Ne7 17. Nd3 b6 18. c5 dxc5 19. Nxc5 Bh3 20. Na6 Bxg2 21.
Nxb8 Bxh1 22. Nd7 Qh4+ 23. Kd2 Rd8 24. Nxe5 Qxh2 25. Kc1 Qh4 26. Qb3 Kh7 27.
Bd3 1/2-1/2

[Event "Dundee & Angus Open"]
[Site "?"]
[Date "2009.??.??"]
[Round "5"]
[White "Tsang, Sai Kong"]
[Black "Orr, Mark"]
[Result "0-1"]
[WhiteElo "1876"]
[BlackElo "2256"]
[PlyCount "77"]

1. d4 Nf6 2. Nf3 e6 3. c4 c5 4. d5 exd5 5. cxd5 d6 6. Nc3 g6 7. g3 Bg7 8. Bg2
O-O 9. O-O Re8 10. a4 Na6 11. Nd2 Nb4 12. Ra3 b6 13. Nc4 Ba6 14. Nb5 Bxb5 15.
axb5 Ng4 16. f4 f5 17. Bd2 a5 18. Bc3 Nf6 19. Rf3 Ra7 20. Be1 Rae7 21. Rfe3 Ne4
22. Reb3 Qd7 23. e3 Rb8 24. Bf1 Qb7 25. Bxb4 cxb4 26. Ra1 Rc8 27. Bd3 Qc7 28.
Bxe4 fxe4 29. Rc1 Qc5 30. Qd2 Rec7 31. Kg2 Qxb5 32. Nxd6 Rxc1 33. Nxb5 R1c2 34.
Qxc2 Rxc2+ 35. Kf1 Rxb2 36. Rxb2 Bxb2 37. Kf2 a4 38. Ke1 b3 39. d6 0-1

[Event "Dundee & Angus Open"]
[Site "?"]
[Date "2009.??.??"]
[Round "5"]
[White "Marks, Ian"]
[Black "Newton, Andrew"]
[Result "1-0"]
[WhiteElo "1877"]
[BlackElo "1574"]
[PlyCount "75"]

1. e4 c5 2. Nc3 Nc6 3. Nf3 e6 4. d4 cxd4 5. Nxd4 Bb4 6. Ndb5 Bxc3+ 7. Nxc3 Nge7
8. Bf4 e5 9. Bg3 O-O 10. Qd2 a6 11. O-O-O b5 12. Kb1 Rb8 13. h4 Qa5 14. Be2 Rd8
15. h5 d6 16. h6 g6 17. Qg5 Kf8 18. Qf6 Be6 19. Qh8+ Ng8 20. Qg7+ Ke8 21. Qxg8+
Kd7 22. Qg7 Nb4 23. Qxe5 Rb6 24. Bh4 Re8 25. Qd4 Bxa2+ 26. Nxa2 Qxa2+ 27. Kc1
Qa5 28. Bg4+ Kc7 29. Rh3 Qa1+ 30. Kd2 Qa4 31. Rc3+ Kb7 32. Qf6 Rxe4 33. Qxf7+
Kb8 34. Qc7+ Ka8 35. Bf3 Nd5 36. Bxe4 Qxe4 37. Qc8+ Rb8 38. Qxa6# 1-0

[Event "Dundee & Angus Open"]
[Site "?"]
[Date "2009.??.??"]
[Round "5"]
[White "Scott, Jonny"]
[Black "McLean, Ian"]
[Result "0-1"]
[WhiteElo "1663"]
[BlackElo "1854"]
[PlyCount "84"]

1. d4 Nf6 2. c4 g6 3. Nc3 Bg7 4. e4 d6 5. Be2 O-O 6. Bg5 h6 7. Be3 e5 8. d5 Na6
9. Qd2 Kh7 10. f3 Ng8 11. O-O-O f5 12. exf5 gxf5 13. Bd3 Kh8 14. Nge2 Qf6 15.
Rhg1 Nc5 16. Bxc5 dxc5 17. g4 e4 18. fxe4 fxg4 19. Ng3 Qh4 20. Rgf1 Bd7 21. Nb5
Bxb5 22. Nf5 Rxf5 23. Rxf5 Be8 24. e5 Bg6 25. Qf4 Bxf5 26. Qxf5 Qg5+ 27. Qxg5
hxg5 28. e6 Ne7 29. Rg1 Be5 30. Rg2 Kg7 31. Rxg4 Bf4+ 32. Kc2 Rh8 33. Rg2 Rxh2
34. Rxh2 Bxh2 35. Kb3 a5 36. Ka4 b6 37. a3 Bd6 38. Kb3 Kf6 39. Kc2 Ke5 40. Kd2
Kf4 41. Ke2 Nf5 42. Kf2 Nh4 0-1

[Event "Dundee & Angus Challengers"]
[Site "?"]
[Date "2009.10.16"]
[Round "1"]
[White "Gillespie, David P"]
[Black "MacRae, James S"]
[Result "1-0"]
[WhiteElo "1416"]
[BlackElo "1619"]
[Annotator ",Raymond"]
[PlyCount "31"]

{32MB, Fritz9.ctg, CASTLEHILL} 1. e4 1... Nc6 2. d4 d5 3. exd5 Qxd5 4. Nf3 e5
5. Nc3 Bb4 6. Bd2 Bxc3 7. Bxc3 e4 8. Ne5 Nf6 9. Bc4 Qd6 10. Nxf7 Qf8 11. Nxh8
Qxh8 12. d5 Ne7 13. d6 cxd6 14. Qxd6 Nc6 15. Bd5 Qf8 16. Bxc6+ 1-0

[Event "Dundee & Angus Challengers"]
[Site "?"]
[Date "2009.10.16"]
[Round "1"]
[White "Andrews, Norman"]
[Black "Hall, David"]
[Result "0-1"]
[WhiteElo "1540"]
[BlackElo "1761"]
[Annotator ",Raymond"]
[PlyCount "94"]

{32MB, Fritz9.ctg, CASTLEHILL} 1. d4 1... g6 2. Nf3 Bg7 3. c4 d6 4. Nc3 Nf6 5.
Bg5 h6 6. Bxf6 Bxf6 7. e3 O-O 8. Bd3 Nc6 9. O-O e5 10. dxe5 dxe5 11. a3 Be6 12.
Qc2 Bg7 13. b4 f5 14. e4 f4 15. Rad1 g5 16. Be2 Qe7 17. Nd5 Qf7 18. b5 g4 19.
bxc6 gxf3 20. Bxf3 bxc6 21. Nb4 Bxc4 22. Rfe1 Bb3 23. Qxc6 Bxd1 24. Rxd1 Rad8
25. Rd5 Rxd5 26. Nxd5 Rd8 27. Be2 Qd7 28. Qc2 c6 29. Nb4 Rc8 30. Nd3 Qd4 31.
Nc5 Qa1+ 32. Bf1 Qxa3 33. Qc4+ Kh8 34. h3 f3 35. Qe6 Rd8 36. Nd7 fxg2 37. Kxg2
Qc1 38. Bc4 Qg5+ 39. Kf1 Kh7 40. Qxc6 Rxd7 41. Qxd7 Qc1+ 42. Kg2 Qxc4 43. Qf5+
Kh8 44. Qg6 a5 45. f3 a4 46. Qe8+ Kh7 47. Qd7 a3 0-1

[Event "Dundee & Angus Challengers"]
[Site "?"]
[Date "2009.10.16"]
[Round "1"]
[White "Sanderson, Mark"]
[Black "McDade, James"]
[Result "1-0"]
[WhiteElo "1657"]
[BlackElo "1436"]
[Annotator ",Raymond"]
[PlyCount "71"]

{32MB, Fritz9.ctg, CASTLEHILL} 1. e4 1... e6 2. d4 d5 3. Nc3 dxe4 4. Nxe4 Be7
5. Nf3 Nf6 6. Bd3 Nxe4 7. Bxe4 Nd7 8. O-O Nf6 9. Bd3 O-O 10. Be3 b6 11. Ne5 Bb7
12. c4 Rc8 13. Qe2 c5 14. dxc5 Bxc5 15. Bg5 Be7 16. Rad1 Qc7 17. f4 Rfd8 18.
Rfe1 Rd6 19. Bxf6 Bxf6 20. Bxh7+ Kxh7 21. Rxd6 Qxd6 22. Qh5+ Kg8 23. Qxf7+ Kh7
24. Qxb7 Qd4+ 25. Kh1 Qd2 26. Qe4+ Kg8 27. Nf3 Qd7 28. b3 Re8 29. h4 Qf7 30.
Ng5 Bxg5 31. fxg5 Qe7 32. Rf1 Qd6 33. g6 Qd7 34. Qf3 Qe7 35. Qf7+ Qxf7 36.
gxf7+ 1-0

[Event "Dundee & Angus Challengers"]
[Site "?"]
[Date "2009.10.16"]
[Round "1"]
[White "McGovern, Patrick"]
[Black "Loughran, Robert"]
[Result "0-1"]
[WhiteElo "1737"]
[BlackElo "1529"]
[Annotator ",Raymond"]
[PlyCount "106"]

{32MB, Fritz9.ctg, CASTLEHILL} 1. e4 1... c5 2. Nc3 Nc6 3. g3 g6 4. Bg2 Bg7 5.
Nge2 d6 6. d3 Nf6 7. O-O O-O 8. h3 Bd7 9. Be3 Qc8 10. Kh2 Nh5 11. g4 Bxg4 12.
hxg4 Qxg4 13. Ng3 Qh4+ 14. Bh3 Ne5 15. Nxh5 gxh5 16. Rg1 Ng4+ 17. Rxg4 hxg4 18.
Qxg4 Qxg4 19. Bxg4 e6 20. Rg1 Kh8 21. Ne2 Rg8 22. c3 Raf8 23. f4 Bh6 24. d4 b6
25. Bf2 Bg7 26. f5 e5 27. d5 Bh6 28. Bh5 f6 29. Bh4 Rxg1 30. Kxg1 Rg8+ 31. Kf2
Bg5 32. Bxg5 Rxg5 33. Ng3 Kg7 34. Be2 Kf7 35. Bh5+ Kg7 36. Be2 Kf7 37. a3 Ke7
38. Nf1 h5 39. Ne3 h4 40. Ng4 Rg8 41. Kg2 Rh8 42. Kh3 Rh7 43. Nh2 Rg7 44. Bg4
b5 45. Nf3 a5 46. Nxh4 b4 47. axb4 axb4 48. cxb4 cxb4 49. b3 Rg8 50. Ng6+ Kf7
51. Bh5 Kg7 52. Be2 Rc8 53. Bc4 Rxc4 0-1